00755 2200229 4500001002100000005001700021008004100038035002400079082001100103090002200114100001300136245015500149260002900304300003800333500005700371500003300428650001500461850001500476980001300491985000600504999001500510YOGYA-0209000003947420090227025457.0 ind  0010-020900000039474 a304.56 a304.56bSur FlSK aSURYANTI aFaktor-faktor penyebab kemiskinan di pedesaanbStudi kasus di desa Tirtomulyo sebagai daerah IDT Kecamatan Kretek, Kabupaten Bantul DIYcoleh Suryanti aYogyakartab[s.n.]c1995 axxvi, 114 [7] lembarbilusc30 cm aSkripsi Sekolah Tinggi Ikonomi Kerja Sama Yogyakarta aBibliografi : lembar 103-104 aKemiskinan aYOPDYOG(B) a28-01-08 a1 a07A0028575